Naturaleza y Ciencia: 7 año de Educación Básica
Uloženo v:
| Hlavní autoři: | , |
|---|---|
| Médium: | Kniha |
| Jazyk: | španělština |
| Vydáno: |
Santiago
Salesiana
1989
|
| Vydání: | 1a. ed |
| Témata: | |
| Tagy: |
Přidat tag
Žádné tagy, Buďte první, kdo vytvoří štítek k tomuto záznamu!
|
MARC
| LEADER | 00000nam a2200000 a 4500 | ||
|---|---|---|---|
| 001 | UCH7278 | ||
| 003 | CL-VaPUC | ||
| 008 | 091109e19890000CL |||||||||||||||||spa|d | ||
| 082 | 0 | 4 | |a 372.3 |b MOL |2 21 |
| 100 | |a Molina Díaz, Claudio |e autor |9 546963 | ||
| 700 | 0 | |a Máximo Montenegro, Carmen |e author |9 543703 | |
| 245 | 1 | 0 | |a Naturaleza y Ciencia: 7 año de Educación Básica |
| 250 | |a 1a. ed | ||
| 300 | |a 196 p | ||
| 942 | |c BK | ||
| 945 | |d 20091109 00:00:00 |a ccalabra | ||
| 260 | |a Santiago |b Salesiana |c 1989 | ||
| 500 | |a Ciencias naturales | ||
| 650 | 0 | |a Educación |9 258661 | |
| 650 | 0 | |a Textos de estudio |9 345998 | |
| 650 | 0 | |a Educación básica |9 224933 | |
| 650 | 0 | |a Ciencias naturales |9 260542 | |
| 650 | 0 | |a Biología |9 262022 | |
| 650 | 0 | |a Ciencias de la tierra |9 261541 | |
| 650 | 0 | |a Medio ambiente |9 257625 | |
| 650 | 0 | |a Ecosistemas |9 261477 | |
| 583 | |a last modification |c 20091109 00:00:00 |k Rodrigo Vera | ||
| 999 | |c 337936 |d 337934 | ||